| 000 | 01893nam a22002297a 4500 | ||
|---|---|---|---|
| 005 | 20260409065752.0 | ||
| 008 | 260409b |||||||| |||| 00| 0 eng d | ||
| 020 |
_a9789395939645 _q(hardback) |
||
| 082 | _a345.540253 SRI | ||
| 100 | _aSriniwas S.K.P. | ||
| 245 |
_aDefences against false rape & POCSO cases with new criminal laws perspectives / _cS.K.P. Sriniwas. |
||
| 260 |
_aDelhi; _bVinod Publication, _c2026. |
||
| 300 |
_accxxviii, 1000 pages; _c25 cm. |
||
| 365 | _bRs. 2250.00 | ||
| 520 | _aThis comprehensive legal reference book by S.K.P Sriniwas, published by Vinod Publications (P) Ltd., offers detailed insights into defences against false rape cases and POCSO (Protection of Children from Sexual Offences) matters. The book thoroughly covers cross-examination techniques under POCSO and presents new criminal law perspectives. It includes extensive coverage of recent amendments, detailed contents spanning POCSO prosecution and implications, BNS 2023 provisions, and protection of children from sexual offences. The text features dedicated sections on women-centric changes, cross-examination intricacies, and comparative provisions. With detailed tables on sexual offences, pro-child and women victim provisions, and a comprehensive subject index, this book serves as an invaluable resource for legal professionals, practitioners, and scholars dealing with such sensitive cases. The systematic organisation of topics and in-depth analysis make it an essential reference for understanding the legal framework surrounding these crucial matters. | ||
| 650 | _aFalse rape allegations — Law and legislation — India | ||
| 650 | _aPOCSO Act (India) — Legal interpretation | ||
| 650 | _aChild sexual abuse — Law and legislation — India | ||
| 650 | _aCriminal law reforms — India — 2023 | ||
| 650 | _aSexual offences — Trials — India | ||
| 942 |
_2ddc _cBK |
||
| 999 |
_c217928 _d217928 |
||